[Event "Sunway Formentera op 3rd"]
[Site "Sant Ferran de ses Roques"]
[Date "2024.04.10"]
[Round "2"]
[White "Shimelkov, Vasiliy"]
[Black "Botez, Andrea"]
[Result "1-0"]
[WhiteElo "2112"]
[BlackElo "1879"]
[PlyCount "91"]
[EventDate "2024.04.09"]
[EventType "swiss"]
[EventRounds "10"]
[EventCountry "ESP"]
[SourceTitle "CB17_2024"]
[SourceDate "2024.04.24"]
[SourceVersion "1"]
[SourceVersionDate "2024.04.24"]
[SourceQuality "1"]

1. d4 Nf6 2. Nf3 g6 3. c4 Bg7 4. Nc3 d6 5. e4 0-0 6. Be2 e5 7. dxe5 dxe5 8. Qxd8 Rxd8 9. Bg5 Re8 10. 0-0-0 Na6 11. Nd2 c6 12. Nb3 Nc7 13. f3 Ne6 14. Be3 Bf8 15. g3 Nd7 16. Rd2 Ndc5 17. Na5 Be7 18. Rhd1 Kg7 19. f4 Bf6 20. Bf3 h5 21. Bg2 Na6 22. Nb3 Nec7 23. h3 h4 24. gxh4 exf4 25. Bxf4 Bxh4 26. Be3 Ne6 27. Nd4 Bf6 28. Nf3 Rh8 29. e5 Be7 30. Ne4 Bb4 31. Rf2 Bc5 32. Nxc5 Nexc5 33. Ng5 Bf5 34. b4 Ne6 35. Nxe6+ Bxe6 36. Bg5 Rhe8 37. Bf6+ Kh6 38. a3 Nc7 39. Bf3 Bf5 40. Rd4 g5 41. Bxc6 Ne6 42. Bxe8 Nxd4 43. Bxf7 Bxh3 44. Rh2 g4 45. e6 Nf3 46. Rh1 1-0

[Event "Titled Tuesday intern op 25th Apr Early"]
[Site "Chess.com INT"]
[Date "2023.04.25"]
[Round "8"]
[White "Bekkedahl, Zachary"]
[Black "Shimelkov, Vasiliy"]
[Result "0-1"]
[WhiteElo "1969"]
[BlackElo "2159"]
[PlyCount "64"]
[EventDate "2023.04.25"]
[EventType "swiss (blitz)"]
[EventRounds "11"]
[EventCountry "USA"]
[SourceTitle "EXT 2024"]
[Source "ChessBase"]
[SourceDate "2023.10.10"]
[SourceVersion "1"]
[SourceVersionDate "2023.10.10"]
[SourceQuality "1"]

1. e4 c5 2. Nf3 Nc6 3. Bb5 e6 4. 0-0 Nge7 5. c3 a6 6. Ba4 b5 7. Bc2 Bb7 8. d4 cxd4 9. cxd4 d5 10. e5 Nc8 11. a3 Nb6 12. Nc3 Rc8 13. Bg5 Be7 14. Bxe7 Qxe7 15. Qd3 h6 16. Rac1 Nc4 17. Rb1 Na7 18. Nd2 Qc7 19. Nb3 Nxb2 20. Rxb2 Qxc3 21. Qxc3 Rxc3 22. Nc5 Bc8 23. a4 Nc6 24. axb5 axb5 25. Bd3 Nxd4 26. Bxb5+ Nxb5 27. Rxb5 0-0 28. f4 d4 29. Rd1 Rd8 30. Rd2 Rd5 31. Ne4 Rc1+ 32. Kf2 Rxb5 0-1

[Event "Titled Tuesday intern op 14th Feb Early"]
[Site "Chess.com INT"]
[Date "2023.02.14"]
[Round "1"]
[White "Shimelkov, Vasiliy"]
[Black "Thiel, Thomas"]
[Result "1-0"]
[WhiteElo "2159"]
[BlackElo "2241"]
[PlyCount "43"]
[EventDate "2023.02.14"]
[EventType "swiss (blitz)"]
[EventRounds "11"]
[EventCountry "USA"]
[SourceTitle "CBM 212 Extra"]
[Source "ChessBase"]
[SourceDate "2023.03.31"]
[SourceVersion "1"]
[SourceVersionDate "2023.03.31"]
[SourceQuality "1"]

1. d4 Nf6 2. Nf3 g6 3. c4 Bg7 4. Nc3 d5 5. Qb3 dxc4 6. Qxc4 0-0 7. e4 Nc6 8. Be2 e5 9. d5 Nd4 10. Nxd4 exd4 11. Qxd4 Re8 12. e5 Nd7 13. f4 Nxe5 14. fxe5 Bxe5 15. Qc4 Bxc3+ 16. bxc3 b5 17. Qd4 Qe7 18. 0-0 Qxe2 19. Bh6 Qe5 20. Qf2 Qe7 21. Rae1 Qd7 22. Qf6 1-0

[Event "Titled Tuesday intern op 14th Feb Early"]
[Site "Chess.com INT"]
[Date "2023.02.14"]
[Round "4"]
[White "Shimelkov, Vasiliy"]
[Black "Urazayev, Arystanbek"]
[Result "0-1"]
[WhiteElo "2159"]
[BlackElo "2460"]
[PlyCount "88"]
[EventDate "2023.02.14"]
[EventType "swiss (blitz)"]
[EventRounds "11"]
[EventCountry "USA"]
[SourceTitle "CBM 212 Extra"]
[Source "ChessBase"]
[SourceDate "2023.03.31"]
[SourceVersion "1"]
[SourceVersionDate "2023.03.31"]
[SourceQuality "1"]

1. d4 Nf6 2. Nf3 e6 3. c4 b6 4. Nc3 Bb4 5. Bg5 Bb7 6. e3 h6 7. Bh4 g5 8. Bg3 Ne4 9. Qc2 Bxc3+ 10. bxc3 f5 11. Bd3 d6 12. d5 Na6 13. Bxe4 fxe4 14. Qxe4 Qf6 15. Qd4 Qxd4 16. cxd4 exd5 17. cxd5 Nb4 18. 0-0 Nxd5 19. e4 Nc3 20. e5 Ne2+ 21. Kh1 Bxf3 22. gxf3 Kd7 23. Rad1 Rhf8 24. Rd2 Nc3 25. Rc1 Nd5 26. Rd3 Rae8 27. Kg2 a5 28. h3 Rf5 29. Re1 Re6 30. Rb1 Rf8 31. exd6 cxd6 32. Rb5 Rf5 33. a4 Nf4+ 34. Bxf4 Rxb5 35. axb5 gxf4 36. Rc3 Rg6+ 37. Kf1 Rg5 38. Rb3 Rd5 39. Ke2 Rxd4 40. h4 Ke6 41. h5 Kd5 42. Rb1 Rb4 43. Rg1 a4 44. Rg6 a3 0-1

[Event "Titled Tuesday intern op 20th Dec Early"]
[Site "Chess.com INT"]
[Date "2022.12.20"]
[Round "9"]
[White "Bas Mas, Jose Joaquin"]
[Black "Shimelkov, Vasiliy"]
[Result "1/2-1/2"]
[WhiteElo "2241"]
[BlackElo "2159"]
[PlyCount "115"]
[EventDate "2022.12.20"]
[EventType "swiss (blitz)"]
[EventRounds "11"]
[EventCountry "USA"]
[SourceTitle "EXT 2024"]
[Source "ChessBase"]
[SourceDate "2023.10.10"]
[SourceVersion "1"]
[SourceVersionDate "2023.10.10"]
[SourceQuality "1"]

1. e4 c6 2. d4 d5 3. exd5 cxd5 4. c4 e6 5. Nc3 Nf6 6. Nf3 Bb4 7. Bd2 0-0 8. cxd5 Nxd5 9. Bd3 h6 10. 0-0 b6 11. Qe2 Bb7 12. Qe4 g6 13. Bxh6 Re8 14. Qe5 Qf6 15. Nxd5 Qxe5 16. Nxe5 Bxd5 17. Bb5 Rd8 18. Bg5 Rf8 19. Bh6 Rd8 20. a3 Bd6 21. Rac1 a6 22. Be2 Nd7 23. Nxd7 Rxd7 24. Rc3 Be7 25. Rfc1 Bf6 26. Be3 b5 27. Rc8+ Rxc8 28. Rxc8+ Kg7 29. b4 Bb7 30. Rb8 e5 31. dxe5 Bxe5 32. Re8 Bf6 33. f3 Bb2 34. Kf2 Bxa3 35. Bc5 Bb2 36. h4 Bd4+ 37. Bxd4+ Rxd4 38. Rb8 Bd5 39. Rb6 Rxb4 40. Rxa6 Rb2 41. Ke3 Bc4 42. Bxc4 bxc4 43. g4 Rh2 44. Rc6 Rxh4 45. Rxc4 Rh1 46. Kf4 Ra1 47. Re4 Ra3 48. g5 Ra5 49. Kg4 Rb5 50. f4 Ra5 51. Re7 Rb5 52. Re3 Ra5 53. Re7 Rb5 54. Rc7 Ra5 55. Rd7 Rb5 56. Rc7 Ra5 57. Rd7 Rb5 58. Rc7 1/2-1/2

[Event "Titled Tuesday intern op 20th Dec Early"]
[Site "Chess.com INT"]
[Date "2022.12.20"]
[Round "8"]
[White "Shimelkov, Vasiliy"]
[Black "Begunov, Konstantin"]
[Result "1-0"]
[WhiteElo "2159"]
[BlackElo "2276"]
[PlyCount "75"]
[EventDate "2022.12.20"]
[EventType "swiss (blitz)"]
[EventRounds "11"]
[EventCountry "USA"]
[SourceTitle "EXT 2024"]
[Source "ChessBase"]
[SourceDate "2023.10.10"]
[SourceVersion "1"]
[SourceVersionDate "2023.10.10"]
[SourceQuality "1"]

1. d4 d5 2. Nf3 c6 3. c4 Nf6 4. Nc3 dxc4 5. a4 Bg4 6. e3 e5 7. Bxc4 Bxf3 8. Qxf3 exd4 9. exd4 Qxd4 10. Qe2+ Be7 11. 0-0 Nbd7 12. Rd1 Qe5 13. Qd2 0-0 14. b3 Bb4 15. Bb2 Nb6 16. Qc2 Nxc4 17. bxc4 Qa5 18. Ne2 Qg5 19. Rd3 Qf5 20. Nd4 Qe4 21. Qb3 a5 22. Re3 Qf4 23. Ne2 Qh4 24. Rh3 Qg4 25. Nd4 Rfe8 26. Rg3 Qe4 27. h3 Rad8 28. Re3 Qf4 29. Rf3 Qh4 30. Nf5 Qe4 31. Nxg7 Nd7 32. Nxe8 Rxe8 33. Qd3 Qe6 34. Rg3+ Kf8 35. Qe3 Qg6 36. Qd4 Qh5 37. Qxd7 Re2 38. Bg7+ 1-0

[Event "Titled Tuesday intern op 20th Dec Early"]
[Site "Chess.com INT"]
[Date "2022.12.20"]
[Round "5"]
[White "Shimelkov, Vasiliy"]
[Black "Mickiewicz, Piotr"]
[Result "0-1"]
[WhiteElo "2159"]
[BlackElo "2272"]
[PlyCount "64"]
[EventDate "2022.12.20"]
[EventType "swiss (blitz)"]
[EventRounds "11"]
[EventCountry "USA"]
[SourceTitle "EXT 2024"]
[Source "ChessBase"]
[SourceDate "2023.10.10"]
[SourceVersion "1"]
[SourceVersionDate "2023.10.10"]
[SourceQuality "1"]

1. d4 Nf6 2. c4 c5 3. d5 d6 4. Nc3 g6 5. e4 Bg7 6. Bd3 0-0 7. Nge2 a6 8. a4 e6 9. 0-0 exd5 10. cxd5 Nbd7 11. Ng3 h5 12. Re1 h4 13. Nf1 h3 14. g3 Ne5 15. Be2 Re8 16. Ne3 Rb8 17. f4 Ned7 18. Bf3 b5 19. axb5 axb5 20. Ng4 b4 21. Nb1 Nxg4 22. Bxg4 Bd4+ 23. Kh1 Nf6 24. Bf3 Bb7 25. Nd2 Qd7 26. Nc4 Nxe4 27. Rxe4 Rxe4 28. Bxe4 Re8 29. Bf3 Qf5 30. Nxd6 Qxd5 31. Nxb7 Qxf3+ 32. Qxf3 Re1+ 0-1

[Event "Titled Tuesday intern op 01st Nov Early"]
[Site "Chess.com INT"]
[Date "2022.11.01"]
[Round "2"]
[White "Biastoch, Bennet"]
[Black "Shimelkov, Vasiliy"]
[Result "1-0"]
[WhiteElo "2232"]
[BlackElo "2159"]
[PlyCount "65"]
[EventDate "2022.11.01"]
[EventType "swiss (blitz)"]
[EventRounds "11"]
[EventCountry "USA"]
[SourceTitle "EXT 2024"]
[Source "ChessBase"]
[SourceDate "2023.10.10"]
[SourceVersion "1"]
[SourceVersionDate "2023.10.10"]
[SourceQuality "1"]

1. e4 c6 2. Nc3 d5 3. Nf3 dxe4 4. Nxe4 Nf6 5. Qe2 Nxe4 6. Qxe4 Qd5 7. Qh4 Qf5 8. Bc4 e6 9. d3 b5 10. Bb3 Be7 11. Qg3 0-0 12. 0-0 a5 13. a4 Na6 14. axb5 Qxb5 15. Bc4 Qb6 16. Be3 Qd8 17. Bd4 Bf6 18. Bxf6 Qxf6 19. Rxa5 Qxb2 20. h4 Bb7 21. Rfa1 Nb4 22. Qc7 Nxc2 23. R1a2 Qb1+ 24. Kh2 h6 25. Ne5 Rxa5 26. Rxa5 Nd4 27. Ra7 Ne2 28. Nf3 Bc8 29. Ra8 Qb7 30. Qxb7 Bxb7 31. Ra7 Rb8 32. Ne5 Bc8 33. Nxc6 1-0

[Event "Titled Tuesday intern op 01st Nov Early"]
[Site "Chess.com INT"]
[Date "2022.11.01"]
[Round "4"]
[White "Devaev, Alexander"]
[Black "Shimelkov, Vasiliy"]
[Result "0-1"]
[WhiteElo "2325"]
[BlackElo "2159"]
[PlyCount "58"]
[EventDate "2022.11.01"]
[EventType "swiss (blitz)"]
[EventRounds "11"]
[EventCountry "USA"]
[SourceTitle "EXT 2024"]
[Source "ChessBase"]
[SourceDate "2023.10.10"]
[SourceVersion "1"]
[SourceVersionDate "2023.10.10"]
[SourceQuality "1"]

1. Nf3 d5 2. c4 d4 3. b4 Nf6 4. Bb2 c5 5. bxc5 Nc6 6. g3 e6 7. Bg2 Bxc5 8. 0-0 0-0 9. d3 a5 10. Na3 a4 11. Rb1 e5 12. Nb5 Qe7 13. Nd2 Bf5 14. h3 Rfd8 15. Kh2 e4 16. dxe4 Nxe4 17. Nxe4 Bxe4 18. Bxe4 Qxe4 19. Qd3 Qe7 20. Ba3 Ne5 21. Bxc5 Qxc5 22. Qf5 g6 23. Qf6 Re8 24. Qd6 Qxc4 25. Nc7 Rad8 26. Nxe8 Rxd6 27. Nxd6 Qxe2 28. Kg2 d3 29. Rbd1 d2 0-1

[Event "Titled Tuesday intern op 07th Jun Early"]
[Site "Chess.com INT"]
[Date "2022.06.07"]
[Round "3"]
[White "Aakanksha, Hagawane"]
[Black "Shimelkov, Vasiliy"]
[Result "1-0"]
[WhiteElo "2162"]
[BlackElo "2159"]
[PlyCount "119"]
[EventDate "2022.06.07"]
[EventType "swiss (blitz)"]
[EventRounds "11"]
[EventCountry "USA"]
[SourceTitle "CBM 208 Extra"]
[Source "ChessBase"]
[SourceDate "2022.07.31"]
[SourceVersion "1"]
[SourceVersionDate "2022.07.31"]
[SourceQuality "1"]

1. d4 d5 2. Nf3 Nf6 3. e3 e6 4. Bd3 c5 5. b3 Be7 6. Bb2 0-0 7. 0-0 b6 8. Nbd2 Bb7 9. Ne5 Nbd7 10. f4 Rc8 11. Qe2 Ne4 12. Bxe4 dxe4 13. c4 f5 14. Rad1 Nxe5 15. fxe5 Qc7 16. g4 Bg5 17. gxf5 exf5 18. d5 Rcd8 19. Kh1 Qe7 20. Rg1 Bh6 21. Rdf1 g6 22. Rg3 Bg7 23. Rfg1 Rf7 24. e6 Bxb2 25. exf7+ Kxf7 26. Rh3 Kg8 27. Qh5 Bc8 28. Qh6 Be5 29. Qh4 Qxh4 30. Rxh4 a6 31. Kg2 Kg7 32. Kf2 h6 33. Ke2 g5 34. Rh3 f4 35. Rh4 Rf8 36. exf4 Bxf4 37. Nxe4 Kg6 38. d6 Bd7 39. Kd3 Be5 40. Rhg4 Bxg4 41. Rxg4 Bxh2 42. d7 Rd8 43. Kc3 Rxd7 44. Rg2 Be5+ 45. Kc2 Rd4 46. Nd2 h5 47. Nf3 Re4 48. Rxg5+ Kf6 49. Rxh5 Re2+ 50. Kd3 Rxa2 51. Nxe5 Rb2 52. Nd7+ Ke6 53. Nf8+ Kd6 54. Rh6+ Ke7 55. Ng6+ Kf6 56. Kc3 Rb1 57. Nh4+ Kg5 58. Rh8 Rc1+ 59. Kb2 Re1 60. Nf3+ 1-0

[Event "Titled Tuesday intern op 07th Jun Early"]
[Site "Chess.com INT"]
[Date "2022.06.07"]
[Round "6"]
[White "Shimelkov, Vasiliy"]
[Black "Donchenko, Anatoly G"]
[Result "1-0"]
[WhiteElo "2159"]
[BlackElo "2233"]
[PlyCount "89"]
[EventDate "2022.06.07"]
[EventType "swiss (blitz)"]
[EventRounds "11"]
[EventCountry "USA"]
[SourceTitle "CBM 208 Extra"]
[Source "ChessBase"]
[SourceDate "2022.07.31"]
[SourceVersion "1"]
[SourceVersionDate "2022.07.31"]
[SourceQuality "1"]

1. d4 d5 2. Nf3 a6 3. Bf4 c5 4. e3 Nc6 5. c3 e6 6. Be2 Bd6 7. dxc5 Bxc5 8. 0-0 Nf6 9. Nbd2 0-0 10. c4 b6 11. Nb3 Be7 12. Rc1 Bb7 13. c5 b5 14. Nbd4 Rc8 15. Nxc6 Bxc6 16. Nd4 Ne4 17. b4 Bf6 18. Bd3 Ba8 19. Nb3 e5 20. Bg3 Nxg3 21. hxg3 d4 22. exd4 exd4 23. Qc2 g6 24. Rfd1 Qd5 25. f3 Qg5 26. Qf2 Rfe8 27. Re1 h5 28. Nd2 Re3 29. Ne4 Bxe4 30. Bxe4 Rc3 31. Rcd1 a5 32. bxa5 R8xc5 33. a6 Ra3 34. Bb7 Rc4 35. Re4 d3 36. a7 Rxe4 37. fxe4 Ra4 38. a8Q+ Kg7 39. Qe8 Bd4 40. Qexf7+ Kh6 41. Qf8+ Kh7 42. Rf1 Bxf2+ 43. Rxf2 Qe3 44. Kh2 h4 45. Rf7# 1-0

[Event "Titled Tuesday intern op 19th Apr Early"]
[Site "Chess.com INT"]
[Date "2022.04.19"]
[Round "6"]
[White "Chernomordik, Pavel"]
[Black "Shimelkov, Vasiliy"]
[Result "1-0"]
[WhiteElo "2179"]
[BlackElo "2159"]
[PlyCount "119"]
[EventDate "2022.04.19"]
[EventType "swiss (blitz)"]
[EventRounds "11"]
[EventCountry "USA"]
[SourceTitle "EXT 2023"]
[Source "ChessBase"]
[SourceDate "2022.10.05"]
[SourceVersion "1"]
[SourceVersionDate "2022.10.05"]
[SourceQuality "1"]

1. e4 c6 2. Nc3 d5 3. Nf3 dxe4 4. Nxe4 Nf6 5. Qe2 Nxe4 6. Qxe4 Nd7 7. Bc4 e6 8. d4 Nf6 9. Qe2 Be7 10. Bf4 Nd5 11. Bd2 0-0 12. 0-0-0 b5 13. Bd3 a5 14. Ne5 Bb7 15. h4 Bf6 16. h5 Bxe5 17. dxe5 Qc7 18. Qe4 f5 19. exf6 Nxf6 20. Qxe6+ Kh8 21. h6 Rae8 22. hxg7+ Qxg7 23. Qh3 c5 24. Bh6 Qxg2 25. Bxf8 Rxf8 26. Qh6 Qg7 27. Qxg7+ Kxg7 28. Rhg1+ Kh8 29. Bxb5 Ne4 30. Rd7 Bc8 31. Rc7 Nxf2 32. Rf1 Bh3 33. Re1 Bf5 34. Rxc5 h5 35. Rf1 Bg4 36. Bc4 h4 37. Rg5 Rf4 38. Rxf2 Rxc4 39. Rh2 h3 40. b3 Rf4 41. Kd2 Be6 42. Ke3 Rf1 43. Re5 Re1+ 44. Kd4 Rd1+ 45. Kc5 Bg4 46. Rg5 Bd7 47. c4 Kh7 48. Rg3 Kh6 49. Rhxh3+ Bxh3 50. Rxh3+ Kg6 51. Rh2 Kf6 52. Kb5 a4 53. Kxa4 Ke6 54. Kb5 Kd7 55. c5 Rg1 56. b4 Kc7 57. a4 Rg6 58. Rh7+ Kb8 59. c6 Kc8 60. Kb6 1-0

[Event "Titled Tuesday intern op 08th Feb Early"]
[Site "Chess.com INT"]
[Date "2022.02.08"]
[Round "3"]
[White "Karabalis, Harilos"]
[Black "Shimelkov, Vasiliy"]
[Result "0-1"]
[WhiteElo "2252"]
[BlackElo "2159"]
[PlyCount "72"]
[EventDate "2022.02.08"]
[EventType "swiss (blitz)"]
[EventRounds "11"]
[EventCountry "USA"]
[SourceTitle "CBM 206 Extra"]
[Source "ChessBase"]
[SourceDate "2022.03.31"]
[SourceVersion "1"]
[SourceVersionDate "2022.03.31"]
[SourceQuality "1"]

1. e4 c6 2. d4 d5 3. e5 Bf5 4. h4 h5 5. Bd3 Bxd3 6. Qxd3 e6 7. Ne2 c5 8. c4 Ne7 9. Bg5 Qc7 10. 0-0 Nbc6 11. Nbc3 dxc4 12. Qxc4 Nf5 13. Nb5 Qb6 14. dxc5 Bxc5 15. Rac1 Be7 16. Bxe7 Kxe7 17. Nd6 Rhd8 18. Nxf5+ exf5 19. Qf4 g6 20. Qg5+ Kf8 21. e6 Qc7 22. Nf4 Qe7 23. Qh6+ Kg8 24. exf7+ Qxf7 25. Nxg6 Qg7 26. Qxh5 Rd6 27. Nf4 Ne5 28. Rcd1 Rh6 29. Qxf5 Nf3+ 30. Kh1 Nxh4 31. Qd5+ Kh8 32. Nh3 Rg8 33. Rg1 Qxb2 34. Qd4+ Qxd4 35. Rxd4 Nf3 36. Rd3 Rxh3+ 0-1

[Event "Titled Tuesday intern op 08th Feb Early"]
[Site "Chess.com INT"]
[Date "2022.02.08"]
[Round "5"]
[White "Mekhitarian, Krikor Sevag"]
[Black "Shimelkov, Vasiliy"]
[Result "1-0"]
[WhiteElo "2562"]
[BlackElo "2159"]
[PlyCount "77"]
[EventDate "2022.02.08"]
[EventType "swiss (blitz)"]
[EventRounds "11"]
[EventCountry "USA"]
[SourceTitle "CBM 206 Extra"]
[Source "ChessBase"]
[SourceDate "2022.03.31"]
[SourceVersion "1"]
[SourceVersionDate "2022.03.31"]
[SourceQuality "1"]

1. e4 c5 2. Nf3 Nc6 3. Bb5 e6 4. 0-0 Nge7 5. c3 a6 6. Ba4 b5 7. Bc2 d5 8. Re1 g6 9. a4 Bb7 10. exd5 Nxd5 11. d4 cxd4 12. axb5 axb5 13. Rxa8 Bxa8 14. Nxd4 Na7 15. Bd3 Qb6 16. Qg4 Bc5 17. Bh6 Bxd4 18. cxd4 Nc6 19. Nc3 Nxc3 20. bxc3 Ne7 21. Rb1 Bc6 22. Bg7 Rg8 23. Be5 Kd7 24. Qh4 h5 25. Qf4 Nf5 26. h3 Qa5 27. Rc1 Qa3 28. Qg5 Ra8 29. Kh2 Qb2 30. Bxf5 gxf5 31. Qg7 Ke8 32. Rf1 Qe2 33. Kg1 b4 34. cxb4 Bb5 35. Qh8+ Ke7 36. Qf6+ Ke8 37. Rc1 Ra2 38. Rc8+ Kd7 39. Qd8# 1-0

[Event "Titled Tuesday intern op 08th Feb Early"]
[Site "Chess.com INT"]
[Date "2022.02.08"]
[Round "9"]
[White "Moroni, Luca Jr"]
[Black "Shimelkov, Vasiliy"]
[Result "1-0"]
[WhiteElo "2588"]
[BlackElo "2159"]
[PlyCount "55"]
[EventDate "2022.02.08"]
[EventType "swiss (blitz)"]
[EventRounds "11"]
[EventCountry "USA"]
[SourceTitle "CBM 206 Extra"]
[Source "ChessBase"]
[SourceDate "2022.03.31"]
[SourceVersion "1"]
[SourceVersionDate "2022.03.31"]
[SourceQuality "1"]

1. d4 d5 2. Bf4 e6 3. e3 Nf6 4. Nf3 Be7 5. Nbd2 0-0 6. Bd3 c5 7. dxc5 Bxc5 8. 0-0 Nc6 9. Qe2 a6 10. c4 b6 11. Rac1 Bb7 12. Bb1 Qe7 13. Rfd1 e5 14. Bg5 e4 15. Ne1 d4 16. Nxe4 dxe3 17. fxe3 h6 18. Nxf6+ gxf6 19. Bxh6 Ne5 20. Qh5 Ng6 21. Bxg6 Bxe3+ 22. Bxe3 Qxe3+ 23. Kh1 fxg6 24. Qxg6+ Kh8 25. Rd7 Bxg2+ 26. Kxg2 Qe2+ 27. Kg1 Qe3+ 28. Kh1 1-0

[Event "Titled Tuesday intern op 01st Feb-A"]
[Site "Chess.com INT"]
[Date "2022.02.01"]
[Round "3"]
[White "Rudzinska, Michalina"]
[Black "Shimelkov, Vasiliy"]
[Result "0-1"]
[WhiteElo "2211"]
[BlackElo "2159"]
[PlyCount "48"]
[EventDate "2022.02.01"]
[EventType "swiss (blitz)"]
[EventRounds "11"]
[EventCountry "USA"]
[SourceTitle "CBM 206 Extra"]
[Source "ChessBase"]
[SourceDate "2022.03.31"]
[SourceVersion "1"]
[SourceVersionDate "2022.03.31"]
[SourceQuality "1"]

1. a4 d5 2. g3 Nf6 3. Bg2 e5 4. b3 c5 5. Bb2 Nc6 6. e3 Be7 7. Ne2 0-0 8. 0-0 Be6 9. f4 e4 10. f5 Bd7 11. h3 h5 12. Nf4 Bxf5 13. Nxh5 Nxh5 14. Qxh5 Bg6 15. Qe2 d4 16. exd4 Nxd4 17. Qc4 Bf6 18. Nc3 Nxc2 19. Nxe4 Bxb2 20. Qxc2 Bxa1 21. Kh2 Bd4 22. Qc4 Qe7 23. b4 Bxe4 24. Re1 Bd3 0-1

[Event "Titled Tuesday intern op 01st Feb-A"]
[Site "Chess.com INT"]
[Date "2022.02.01"]
[Round "11"]
[White "Yeletsky, Ivan"]
[Black "Shimelkov, Vasiliy"]
[Result "1-0"]
[WhiteElo "2460"]
[BlackElo "2159"]
[PlyCount "201"]
[EventDate "2022.02.01"]
[EventType "swiss (blitz)"]
[EventRounds "11"]
[EventCountry "USA"]
[SourceTitle "CBM 206 Extra"]
[Source "ChessBase"]
[SourceDate "2022.03.31"]
[SourceVersion "1"]
[SourceVersionDate "2022.03.31"]
[SourceQuality "1"]

1. e4 c5 2. Nf3 Nc6 3. Nc3 e6 4. Bb5 Nge7 5. 0-0 a6 6. Be2 d5 7. exd5 Nxd5 8. Nxd5 Qxd5 9. b3 Be7 10. Bb2 0-0 11. Re1 b5 12. a4 Bb7 13. axb5 axb5 14. Bxb5 Nd4 15. Bxd4 cxd4 16. Bc4 Qc5 17. Qe2 Bf6 18. Bd3 Rxa1 19. Rxa1 e5 20. Be4 Bc8 21. Ra8 Be6 22. Rxf8+ Kxf8 23. h3 g6 24. g4 Kg7 25. Kg2 h6 26. Ne1 Bh4 27. Nf3 Bf6 28. Qa6 Qb4 29. Qc6 Qa5 30. Qb7 Qc5 31. b4 Qd6 32. b5 Bd8 33. Qc6 Qxc6 34. Bxc6 f6 35. d3 Kf7 36. Nd2 Ke7 37. Kg3 Bb6 38. f4 exf4+ 39. Kxf4 Bc7+ 40. Kf3 Kd6 41. Ne4+ Ke5 42. Nc5 Bc8 43. Na4 f5 44. b6 Bb8 45. b7 Be6 46. Nc5 Kd6 47. Nxe6 Kxe6 48. Be8 Kf6 49. Bd7 Bc7 50. Bc8 Bb8 51. gxf5 gxf5 52. Bd7 Bc7 53. Bb5 Bb8 54. Bc4 Bc7 55. Bb5 Bb8 56. Bd7 Bc7 57. Ke2 Bb8 58. Kd2 Ke5 59. c3 f4 60. Bg4 Bc7 61. Kc2 Bb8 62. Kb3 Bc7 63. Kc4 dxc3 64. Kxc3 Kd5 65. Bf3+ Kd6 66. d4 Bb8 67. Kc4 Ba7 68. Kd3 Bb8 69. Ke4 Ke6 70. Bg4+ Kf6 71. Kd5 Ke7 72. Kc6 Kf6 73. Bf3 Ke7 74. Be4 Bd6 75. Kb6 Bb8 76. Kc5 Bd6+ 77. Kc4 Bb8 78. Bg2 Bc7 79. Kd3 Bb8 80. Ke4 Kf6 81. Bf3 Bc7 82. Bg4 Bb8 83. Kd5 Ke7 84. Be2 Bc7 85. Bd1 Bb8 86. Ke4 Kf6 87. Kf3 Ke7 88. Bb3 Kf6 89. Bc2 Bc7 90. Be4 Bb8 91. Ke2 Bc7 92. Kd3 Bb8 93. Kc4 Bc7 94. Kb5 Bb8 95. Kc6 Ke7 96. d5 Bd6 97. Kb6 Bb8 98. Bf3 Bd6 99. Ka7 Kf6 100. b8Q Bxb8+ 101. Kxb8 1-0

[Event "Titled Tuesday intern op 04th Jan"]
[Site "Chess.com INT"]
[Date "2022.01.04"]
[Round "10"]
[White "Plazuelo Pascual, Juan"]
[Black "Shimelkov, Vasiliy"]
[Result "1/2-1/2"]
[WhiteElo "2466"]
[BlackElo "2159"]
[PlyCount "120"]
[EventDate "2022.01.04"]
[EventType "swiss (blitz)"]
[EventRounds "11"]
[EventCountry "USA"]
[SourceTitle "EXT 2023"]
[Source "ChessBase"]
[SourceDate "2022.10.05"]
[SourceVersion "1"]
[SourceVersionDate "2022.10.05"]
[SourceQuality "1"]

1. d4 d5 2. Bg5 Nf6 3. Bxf6 exf6 4. e3 g6 5. g3 Bg7 6. Bg2 c6 7. Ne2 0-0 8. 0-0 h5 9. h4 Be6 10. Nf4 Bg4 11. Bf3 Qd7 12. Nd2 f5 13. Be2 Bxe2 14. Qxe2 c5 15. c3 c4 16. b3 b5 17. a4 cxb3 18. Qxb5 Qxb5 19. axb5 b2 20. Ra2 Rd8 21. Rb1 Bh6 22. b6 Nc6 23. Rbxb2 Bxf4 24. gxf4 axb6 25. Rxa8 Rxa8 26. Rxb6 Ne7 27. Rb7 Kf8 28. Rc7 Ke8 29. Nf3 Kd8 30. Rc5 f6 31. Kg2 Kd7 32. Ne1 Rc8 33. Nd3 Rxc5 34. Nxc5+ Kd6 35. Nd3 Nc6 36. Kf3 Na5 37. Nb2 Nc6 38. Ke2 Nd8 39. Kd3 Nf7 40. c4 dxc4+ 41. Nxc4+ Kd7 42. Nd2 g5 43. fxg5 fxg5 44. Nf3 gxh4 45. Nxh4 Ke6 46. Ng6 Kf6 47. Nf4 h4 48. Ke2 Ng5 49. Kf1 Ne4 50. Kg2 Ng5 51. Nh3 Ne4 52. Kf3 Nd2+ 53. Kf4 Ne4 54. Kf3 Nd2+ 55. Kg2 Ne4 56. Nf4 Ng5 57. Nd3 Ke6 58. Nb4 Kf6 59. Nd3 Ke6 60. Nf4+ Kf6 1/2-1/2

[Event "Titled Tuesday intern op 04th Jan"]
[Site "Chess.com INT"]
[Date "2022.01.04"]
[Round "6"]
[White "Smirnov, Timofey"]
[Black "Shimelkov, Vasiliy"]
[Result "1-0"]
[WhiteElo "2409"]
[BlackElo "2159"]
[PlyCount "51"]
[EventDate "2022.01.04"]
[EventType "swiss (blitz)"]
[EventRounds "11"]
[EventCountry "USA"]
[SourceTitle "EXT 2023"]
[Source "ChessBase"]
[SourceDate "2022.10.05"]
[SourceVersion "1"]
[SourceVersionDate "2022.10.05"]
[SourceQuality "1"]

1. e4 c6 2. d4 d5 3. e5 Bf5 4. Nf3 e6 5. Be2 Ne7 6. 0-0 Bg6 7. Nh4 Nf5 8. Nxg6 hxg6 9. c3 Be7 10. Nd2 Nd7 11. Nf3 Qc7 12. g3 c5 13. Kg2 Rc8 14. Bf4 c4 15. h4 b5 16. a3 a5 17. Rh1 Nb6 18. Ng5 Bxg5 19. Bxg5 Qc6 20. Qd2 a4 21. h5 gxh5 22. Bxh5 0-0 23. Bf6 Nd7 24. Qg5 Nxf6 25. exf6 g6 26. Bxg6 1-0